[Event "Oberliga Ost A"]
[Site "?"]
[Date "2023.02.04"]
[Round "6.3"]
[White "Rogule, Laura"]
[Black "Melamed, Tatjana"]
[Result "0-1"]
[WhiteElo "2257"]
[BlackElo "2330"]
[PlyCount "78"]
[EventDate "2022.09.18"]
[EventType "team-tourn"]
[EventCountry "GER"]
[WhiteTeam "Magdeburg SG Aufbau Elbe"]
[BlackTeam "Loeberitz SG"]
[WhiteTeamCountry "GER"]
[BlackTeamCountry "GER"]

1. c4 e5 2. g3 c6 3. Nf3 e4 4. Nd4 d5 5. cxd5 Qxd5 6. Nc2 Nf6 7. Nc3 Qg5 8. Bg2 Na6 9. O-O Be7 10. d4 exd3 11. exd3 O-O 12. d4 Qa5 13. d5 cxd5 14. Ne3 Nc7 15. Nexd5 Ncxd5 16. Nxd5 Nxd5 17. Qxd5 Qxd5 18. Bxd5 Rd8 19. Bg2 Bf6 20. a4 Be6 21. Bxb7 Rab8 22. Bf3 Bxb2 23. Bxb2 Rxb2 24. Kg2 Rdd2 25. Rad1 Bc4 26. Rfe1 Rxf2+ 27. Kg1 g6 28. Bc6 Rxh2 29. Rd8+ Kg7 30. Ra8 a6 31. Rc1 Rhd2 32. Ra7 Rb3 33. Bg2 Be6 34. Re1 Rxg3 35. Rxe6 Rgxg2+ 36. Kf1 Rdf2+ 37. Ke1 Ra2 38. Kf1 Rgc2 39. Re4 Rc1+ 0-1

[Event "Oberliga Ost A"]
[Site "?"]
[Date "2023.02.04"]
[Round "6.4"]
[White "Andre, Gordon"]
[Black "Schuetze, Norman"]
[Result "1/2-1/2"]
[WhiteElo "2346"]
[BlackElo "2277"]
[PlyCount "55"]
[EventDate "2022.09.18"]
[EventType "team-tourn"]
[EventCountry "GER"]
[WhiteTeam "Loeberitz SG"]
[BlackTeam "Magdeburg SG Aufbau Elbe"]
[WhiteTeamCountry "GER"]
[BlackTeamCountry "GER"]

1. d4 d5 2. c4 e6 3. Nc3 Bb4 4. Nf3 Nf6 5. e3 O-O 6. Bd3 c6 7. O-O b6 8. Bd2 Ba6 9. Qe2 c5 10. cxd5 Bxd3 11. Qxd3 cxd4 12. Qxd4 Bc5 13. Qa4 exd5 14. Rfd1 Qe8 15. Qxe8 Rxe8 16. Be1 Rd8 17. Rac1 Na6 18. a3 Bf8 19. Ne5 Nc7 20. f3 Bc5 21. Bf2 Ne6 22. b4 Bf8 23. Nc6 Rd7 24. e4 dxe4 25. Rxd7 Nxd7 26. Nxe4 a5 27. Rd1 Nb8 28. Nxb8 1/2-1/2

[Event "Oberliga Ost A"]
[Site "?"]
[Date "2023.02.04"]
[Round "6.5"]
[White "Berzina, Ilze"]
[Black "Biastoch, Bennet"]
[Result "1/2-1/2"]
[WhiteElo "2141"]
[BlackElo "2257"]
[PlyCount "141"]
[EventDate "2022.09.18"]
[EventType "team-tourn"]
[EventCountry "GER"]
[WhiteTeam "Magdeburg SG Aufbau Elbe"]
[BlackTeam "Loeberitz SG"]
[WhiteTeamCountry "GER"]
[BlackTeamCountry "GER"]

1. e4 c5 2. Nf3 d6 3. Bb5+ Nd7 4. O-O a6 5. Bd3 Ngf6 6. Re1 e6 7. c3 b5 8. Bc2 c4 9. a4 Bb7 10. d4 cxd3 11. Qxd3 Nc5 12. Qe2 bxa4 13. Bxa4+ Nxa4 14. Rxa4 Be7 15. Nbd2 O-O 16. b3 Nd7 17. Ba3 Rc8 18. Rc4 Nb6 19. Rxc8 Nxc8 20. c4 Re8 21. Bb2 Bf6 22. Bxf6 Qxf6 23. Qe3 h6 24. h3 Qd8 25. Nd4 Ne7 26. N2f3 Qc7 27. Rc1 Rc8 28. Re1 Ng6 29. h4 Qc5 30. g3 Rb8 31. Nc2 Qc7 32. Qd4 Rc8 33. Nb4 a5 34. Nd3 a4 35. bxa4 Qxc4 36. Rc1 Qa6 37. Rxc8+ Bxc8 38. Nd2 Bd7 39. Nc5 Qa7 40. Nxe6 Qxd4 41. Nxd4 Bxa4 42. Nc4 Kf8 43. Nxd6 Bd7 44. f4 Ne7 45. Kf2 g6 46. Ke3 Ng8 47. e5 Ne7 48. Ke4 Nc6 49. Nxc6 Bxc6+ 50. Kd4 Bd7 51. Ne4 h5 52. Nc5 Bh3 53. Nb3 Ke7 54. Kc5 Kd7 55. Nd4 Bg4 56. Kd5 Bh3 57. Ke4 Bg2+ 58. Ke3 Bh3 59. Nf3 Bf5 60. Ng5 Ke7 61. Nh7 Bh3 62. Nf6 Bf5 63. Kf3 Ke6 64. g4 Bxg4+ 65. Nxg4 hxg4+ 66. Kxg4 f6 67. exf6 Kxf6 68. Kg3 Ke6 69. Kf2 Kf5 70. Kf3 Ke6 71. Ke4 1/2-1/2

[Event "Oberliga Ost A"]
[Site "?"]
[Date "2023.02.04"]
[Round "6.6"]
[White "Armbrust, Florian"]
[Black "Boehm, Christian"]
[Result "1/2-1/2"]
[WhiteElo "2266"]
[BlackElo "2077"]
[PlyCount "73"]
[EventDate "2022.09.18"]
[EventType "team-tourn"]
[EventCountry "GER"]
[WhiteTeam "Loeberitz SG"]
[BlackTeam "Magdeburg SG Aufbau Elbe"]
[WhiteTeamCountry "GER"]
[BlackTeamCountry "GER"]

1. e4 c6 2. d4 d5 3. exd5 cxd5 4. c4 Nf6 5. Nc3 Nc6 6. Bg5 dxc4 7. d5 Ne5 8. Qd4 h6 9. Bh4 Ng6 10. Bg3 e5 11. Bxe5 Nxe5 12. Qxe5+ Be7 13. Bxc4 O-O 14. Nge2 Ng4 15. Qd4 Bf6 16. Qd2 Bf5 17. O-O Bg5 18. Qd4 Qd6 19. Ng3 Bf6 20. Nce4 Bxe4 21. Qxe4 h5 22. h3 Rfe8 23. Qf3 Ne5 24. Qb3 Nxc4 25. Qxc4 Rac8 26. Ne4 Qe5 27. Nxf6+ Qxf6 28. Qb5 a6 29. Qxb7 Rc2 30. Rad1 Rxb2 31. Qc6 Qxc6 32. dxc6 Rc8 33. Rc1 Rb6 34. c7 Rb7 35. Rc6 Rcxc7 36. Rxa6 Rb2 37. h4 1/2-1/2

[Event "Oberliga Ost A"]
[Site "?"]
[Date "2023.02.04"]
[Round "6.7"]
[White "Proehl, Holger"]
[Black "Schoene, Maria"]
[Result "1/2-1/2"]
[WhiteElo "2327"]
[BlackElo "2185"]
[PlyCount "58"]
[EventDate "2022.09.18"]
[EventType "team-tourn"]
[EventCountry "GER"]
[WhiteTeam "Magdeburg SG Aufbau Elbe"]
[BlackTeam "Loeberitz SG"]
[WhiteTeamCountry "GER"]
[BlackTeamCountry "GER"]

1. e4 d6 2. d4 Nf6 3. Nd2 g6 4. Ngf3 Bg7 5. Be2 O-O 6. O-O Nc6 7. c3 e5 8. dxe5 dxe5 9. Qc2 Nh5 10. Rd1 Nf4 11. Nc4 Qf6 12. Ne3 Be6 13. g3 Nxe2+ 14. Qxe2 h6 15. b3 Rfd8 16. Ba3 a6 17. Nd5 Bxd5 18. exd5 Ne7 19. c4 Nf5 20. Bb2 Re8 21. Re1 Qb6 22. Qc2 Nd4 23. Bxd4 exd4 24. Rad1 Qc5 25. Rxe8+ Rxe8 26. Qd3 c6 27. Nxd4 cxd5 28. cxd5 Qxd5 29. Nf3 Qxd3 1/2-1/2

[Event "Oberliga Ost A"]
[Site "?"]
[Date "2023.02.04"]
[Round "6.8"]
[White "Windelband, Jens"]
[Black "Schindler, Christian"]
[Result "1-0"]
[WhiteElo "2041"]
[BlackElo "2182"]
[PlyCount "73"]
[EventDate "2022.09.18"]
[EventType "team-tourn"]
[EventCountry "GER"]
[WhiteTeam "Loeberitz SG"]
[BlackTeam "Magdeburg SG Aufbau Elbe"]
[WhiteTeamCountry "GER"]
[BlackTeamCountry "GER"]

1. e4 Nf6 2. e5 Nd5 3. c4 Nb6 4. c5 Nd5 5. Nc3 e6 6. d4 b6 7. cxb6 axb6 8. Nf3 Be7 9. Bd3 Ba6 10. O-O Nxc3 11. bxc3 Bxd3 12. Qxd3 d5 13. exd6 cxd6 14. d5 e5 15. Be3 Nd7 16. Rfb1 O-O 17. Nd2 Qc7 18. a4 Rfc8 19. Ra3 h6 20. Rb4 Nc5 21. Qb1 Ra6 22. Rg4 h5 23. Rg3 h4 24. Rg4 Qd7 25. h3 Rxa4 26. Raxa4 Nxa4 27. Bh6 Bf8 28. Ne4 Kh8 29. Rxh4 f5 30. Bxg7+ Kxg7 31. Rh7+ Kxh7 32. Nf6+ Kg6 33. Nxd7 Nxc3 34. Qxb6 Be7 35. Nxe5+ Kg7 36. Qb7 Re8 37. Qd7 1-0

[Event "Oberliga Ost A"]
[Site "?"]
[Date "2023.02.05"]
[Round "7.1"]
[White "Pietzsch, Manuel"]
[Black "Cerveny, Martin"]
[Result "0-1"]
[WhiteElo "2097"]
[BlackElo "2397"]
[PlyCount "64"]
[EventDate "2022.09.18"]
[EventType "team-tourn"]
[EventCountry "GER"]
[WhiteTeam "Magdeburg SG Aufbau Elbe"]
[BlackTeam "Loeberitz SG"]
[WhiteTeamCountry "GER"]
[BlackTeamCountry "GER"]

1. e4 c5 2. Nf3 d6 3. d4 cxd4 4. Nxd4 Nf6 5. Nc3 Nc6 6. Bg5 e6 7. Qd2 a6 8. O-O-O Bd7 9. f4 Be7 10. Nf3 h6 11. Bh4 g5 12. e5 dxe5 13. fxg5 hxg5 14. Bxg5 Qc7 15. Bd3 O-O-O 16. Rde1 Be8 17. Rhf1 Nd5 18. Bxe7 Ndxe7 19. Qe3 f6 20. Bc4 Nd5 21. Nxd5 exd5 22. Bb3 Bg6 23. Kb1 d4 24. Qf2 d3 25. Nh4 dxc2+ 26. Bxc2 Bxc2+ 27. Kxc2 Rd4 28. Nf5 Rf4 29. Qd2 Rd8 30. Qc3 Rxf5 31. Rxf5 Nd4+ 32. Kb1 Qxc3 0-1

[Event "Oberliga Ost A"]
[Site "?"]
[Date "2023.02.05"]
[Round "7.2"]
[White "Schnabel, Ralf"]
[Black "Schiffer, Stefan"]
[Result "1/2-1/2"]
[WhiteElo "2224"]
[BlackElo "2252"]
[PlyCount "52"]
[EventDate "2022.09.18"]
[EventType "team-tourn"]
[EventCountry "GER"]
[WhiteTeam "Leipzig SG II"]
[BlackTeam "Aue ESV Nickelhuette II"]
[WhiteTeamCountry "GER"]
[BlackTeamCountry "GER"]

1. e4 c5 2. Nf3 d6 3. d4 cxd4 4. Nxd4 Nf6 5. Nc3 g6 6. Be3 Bg7 7. Qd2 Nc6 8. f3 O-O 9. O-O-O d5 10. exd5 Nxd5 11. Nxc6 bxc6 12. Bd4 Bxd4 13. Qxd4 Qb6 14. Qxb6 axb6 15. Nxd5 cxd5 16. a3 e6 17. Rd4 Ba6 18. Rb4 Bxf1 19. Rxf1 Ra6 20. Rd1 Rc8 21. Rdd4 Kf8 22. c4 Ke7 23. Kd2 Rxc4 24. Rdxc4 dxc4 25. Kc3 Kd6 26. Rxc4 Ra5 1/2-1/2

[Event "Oberliga Ost A"]
[Site "?"]
[Date "2023.02.05"]
[Round "7.4"]
[White "Cerveny, Petr"]
[Black "Schunk, Thomas"]
[Result "1-0"]
[WhiteElo "2317"]
[BlackElo "2179"]
[PlyCount "115"]
[EventDate "2022.09.18"]
[EventType "team-tourn"]
[EventCountry "GER"]
[WhiteTeam "Leipzig SG II"]
[BlackTeam "Aue ESV Nickelhuette II"]
[WhiteTeamCountry "GER"]
[BlackTeamCountry "GER"]

1. e4 g6 2. d4 Bg7 3. c4 d6 4. Nc3 c6 5. Be2 Nf6 6. Nf3 O-O 7. O-O Qc7 8. Be3 Bg4 9. h3 Bxf3 10. Bxf3 Nbd7 11. Rc1 h6 12. b4 Kh7 13. c5 dxc5 14. dxc5 Rad8 15. Qb3 a6 16. Rfd1 Kg8 17. Be2 g5 18. a4 Ne5 19. b5 axb5 20. axb5 Rxd1+ 21. Rxd1 Rd8 22. Rb1 Nfd7 23. g3 Ng6 24. Bh5 Ndf8 25. Ne2 Qe5 26. bxc6 bxc6 27. Qa4 Qe6 28. Kg2 f5 29. Qb3 Qxb3 30. Rxb3 e5 31. Rb4 fxe4 32. Rxe4 Ne7 33. Ra4 Nd5 34. Ra6 Nf6 35. Bg4 Nxg4 36. hxg4 Rc8 37. Nc3 Ne6 38. Ne4 Rc7 39. Kf1 Kh7 40. Ke2 Kg8 41. Nd6 Bf8 42. Nb5 Rc8 43. Na7 Ra8 44. Rxc6 Kf7 45. Nb5 Ra5 46. Nd6+ Ke7 47. Nc4 Ra2+ 48. Kd3 Bg7 49. Ke4 Kd7 50. Rd6+ Ke7 51. Nxe5 Bxe5 52. Kxe5 Nd8 53. Kf5 Nf7 54. Re6+ Kf8 55. Kg6 Nh8+ 56. Kf6 Ra7 57. c6 Rf7+ 58. Ke5 1-0

[Event "Oberliga Ost A"]
[Site "?"]
[Date "2023.02.05"]
[Round "7.6"]
[White "Heinz, Juergen"]
[Black "Peters, Andreas"]
[Result "1/2-1/2"]
[WhiteElo "2154"]
[BlackElo "2247"]
[PlyCount "21"]
[EventDate "2022.09.18"]
[EventType "team-tourn"]
[EventCountry "GER"]
[WhiteTeam "Leipzig SG II"]
[BlackTeam "Aue ESV Nickelhuette II"]
[WhiteTeamCountry "GER"]
[BlackTeamCountry "GER"]

1. d4 Nf6 2. Bg5 g6 3. Bxf6 exf6 4. e3 Bg7 5. c4 f5 6. Nc3 b6 7. Be2 Bb7 8. Bf3 Bxf3 9. Nxf3 d6 10. h4 h5 11. Qc2 1/2-1/2

[Event "Oberliga Ost A"]
[Site "?"]
[Date "2023.02.05"]
[Round "7.7"]
[White "Limpert, Michael"]
[Black "Kunze, Kerstin"]
[Result "1/2-1/2"]
[WhiteElo "2121"]
[BlackElo "2001"]
[PlyCount "27"]
[EventDate "2022.09.18"]
[EventType "team-tourn"]
[EventCountry "GER"]
[WhiteTeam "Aue ESV Nickelhuette II"]
[BlackTeam "Leipzig SG II"]
[WhiteTeamCountry "GER"]
[BlackTeamCountry "GER"]

1. e4 c5 2. Nc3 Nc6 3. g3 g6 4. Bg2 Bg7 5. d3 d6 6. Be3 Nf6 7. h3 Nd4 8. Qd2 Qa5 9. Nge2 Nxe2 10. Nxe2 Qxd2+ 11. Kxd2 Nd7 12. c3 Rb8 13. a4 d5 14. exd5 1/2-1/2

[Event "Oberliga Ost A"]
[Site "?"]
[Date "2023.02.05"]
[Round "7.8"]
[White "Poessel, Christian"]
[Black "Neuhoff, Laertes"]
[Result "0-1"]
[WhiteElo "1996"]
[BlackElo "1991"]
[PlyCount "86"]
[EventDate "2022.09.18"]
[EventType "team-tourn"]
[EventCountry "GER"]
[WhiteTeam "Leipzig SG II"]
[BlackTeam "Aue ESV Nickelhuette II"]
[WhiteTeamCountry "GER"]
[BlackTeamCountry "GER"]

1. Nf3 d5 2. e3 Nf6 3. c4 e6 4. b3 Bd6 5. Bb2 O-O 6. Be2 b6 7. Nc3 Bb7 8. Rc1 a6 9. Qc2 c5 10. cxd5 exd5 11. d4 Nc6 12. O-O cxd4 13. exd4 Rc8 14. Qf5 Ne7 15. Qb1 Ng6 16. g3 Re8 17. Bd3 b5 18. Rfe1 b4 19. Na4 Ne4 20. Bf1 h5 21. h4 f5 22. Bh3 Rxc1 23. Bxc1 f4 24. gxf4 Bxf4 25. Ng5 Bxc1 26. Qxc1 Nxh4 27. Be6+ Rxe6 28. Nxe6 Nf3+ 29. Kf1 Qh4 30. Qe3 Qh1+ 31. Ke2 Qxe1+ 32. Kxf3 Qd1+ 33. Qe2 Qh1+ 34. Kf4 Qh4+ 35. Ke3 Qh3+ 36. f3 Qxe6 37. fxe4 Qxe4+ 38. Kf2 Qxd4+ 39. Kg3 h4+ 40. Kg2 Qe4+ 41. Qxe4 dxe4 42. Nc5 e3+ 43. Kh3 Be4 0-1

[Event "Oberliga Ost A"]
[Site "?"]
[Date "2023.02.05"]
[Round "7.1"]
[White "Malek, Daniel"]
[Black "Belous, Mikhail"]
[Result "1/2-1/2"]
[WhiteElo "2333"]
[BlackElo "2375"]
[PlyCount "42"]
[EventDate "2022.09.18"]
[EventType "team-tourn"]
[EventCountry "GER"]
[WhiteTeam "Aue ESV Nickelhuette II"]
[BlackTeam "Leipzig SG II"]
[WhiteTeamCountry "GER"]
[BlackTeamCountry "GER"]

1. e4 c5 2. Nf3 d6 3. Bb5+ Nd7 4. a4 a6 5. Be2 Ngf6 6. Nc3 e6 7. O-O Be7 8. d4 cxd4 9. Qxd4 e5 10. Qe3 Qc7 11. Nd2 b6 12. Nc4 Bb7 13. Rd1 O-O 14. b3 Rad8 15. Ba3 Nc5 16. Bxc5 dxc5 17. Rxd8 Rxd8 18. Bf3 Bc6 19. Qe2 b5 20. axb5 axb5 21. Ne3 b4 1/2-1/2

[Event "Oberliga Ost A"]
[Site "?"]
[Date "2023.02.05"]
[Round "7.2"]
[White "Matthey, Harald"]
[Black "Melamed, Tatjana"]
[Result "0-1"]
[WhiteElo "2132"]
[BlackElo "2330"]
[PlyCount "102"]
[EventDate "2022.09.18"]
[EventType "team-tourn"]
[EventCountry "GER"]
[WhiteTeam "Magdeburg SG Aufbau Elbe"]
[BlackTeam "Dessau SK"]
[WhiteTeamCountry "GER"]
[BlackTeamCountry "GER"]

1. d4 Nf6 2. Nf3 e6 3. g3 d5 4. Bg2 b5 5. O-O Bb7 6. c3 c5 7. a4 b4 8. dxc5 Bxc5 9. cxb4 Bxb4 10. a5 O-O 11. Qb3 Na6 12. Ne5 Rb8 13. Nd3 Bd6 14. Qa4 e5 15. Be3 e4 16. Nc1 Nc5 17. Bxc5 Bxc5 18. b4 Bd6 19. b5 Rc8 20. Nd2 e3 21. fxe3 Qe7 22. e4 dxe4 23. Ncb3 Bb4 24. Rac1 Rxc1 25. Rxc1 e3 26. Nf3 Rd8 27. Nbd4 Bxf3 28. Nxf3 h6 29. b6 axb6 30. axb6 Nd5 31. Nd4 Nc3 32. Rxc3 Bxc3 33. Nc6 Qf6 34. Bf3 Qxf3 35. exf3 e2 36. Qe4 Rd1+ 37. Kg2 e1=Q 38. Qxe1 Rxe1 39. b7 Be5 40. Nxe5 Rb1 41. g4 Rxb7 42. h4 Rb5 43. Nd3 g6 44. Kg3 Rd5 45. Nf4 Ra5 46. h5 g5 47. Ne2 Kg7 48. Kf2 Kf6 49. Ng3 Ra2+ 50. Ke3 Ke5 51. Nf5 Ra6 0-1

[Event "Oberliga Ost A"]
[Site "?"]
[Date "2023.02.05"]
[Round "7.3"]
[White "Andre, Gordon"]
[Black "Schubert, Ralf"]
[Result "1-0"]
[WhiteElo "2346"]
[BlackElo "2080"]
[PlyCount "63"]
[EventDate "2022.09.18"]
[EventType "team-tourn"]
[EventCountry "GER"]
[WhiteTeam "Dessau SK"]
[BlackTeam "Magdeburg SG Aufbau Elbe"]
[WhiteTeamCountry "GER"]
[BlackTeamCountry "GER"]

1. e4 d6 2. d4 Nf6 3. Nc3 g6 4. Nf3 Bg7 5. Be3 O-O 6. Qd2 Ng4 7. Bg5 h6 8. Bh4 Kh7 9. h3 Nf6 10. O-O-O c6 11. Bd3 Qa5 12. e5 Ng8 13. Rhe1 b5 14. a3 Na6 15. exd6 exd6 16. Ne4 Qxd2+ 17. Rxd2 d5 18. Nd6 Nc7 19. Be7 Nxe7 20. Rxe7 Ne6 21. Nxf7 Nf4 22. N7e5 Nxg2 23. Bxg6+ Kh8 24. h4 Nf4 25. h5 Bh3 26. Nf7+ Kg8 27. N3e5 Nxg6 28. hxg6 Bf5 29. Nd6 Bxg6 30. Nxg6 Rf6 31. Nh4 Rxd6 32. Rxg7+ 1-0

[Event "Oberliga Ost A"]
[Site "?"]
[Date "2023.02.05"]
[Round "7.4"]
[White "Mirschinka, Dirk"]
[Black "Biastoch, Bennet"]
[Result "0-1"]
[WhiteElo "2196"]
[BlackElo "2257"]
[PlyCount "112"]
[EventDate "2022.09.18"]
[EventType "team-tourn"]
[EventCountry "GER"]
[WhiteTeam "Magdeburg SG Aufbau Elbe"]
[BlackTeam "Dessau SK"]
[WhiteTeamCountry "GER"]
[BlackTeamCountry "GER"]

1. Nf3 d5 2. g3 Nf6 3. Bg2 e6 4. c4 d4 5. d3 Nc6 6. O-O Be7 7. e3 e5 8. exd4 exd4 9. Na3 O-O 10. Nc2 Bf5 11. Re1 Re8 12. Ne5 Nxe5 13. Rxe5 Bg4 14. Bf3 Bxf3 15. Qxf3 c6 16. Bd2 Nd7 17. Re4 Bf6 18. Rxe8+ Qxe8 19. Re1 Qd8 20. Qe4 Nc5 21. Qf5 Ne6 22. h4 g6 23. Qf3 h5 24. b3 Rc8 25. g4 Bxh4 26. gxh5 gxh5 27. Re5 Qf6 28. Qxf6 Bxf6 29. Rxh5 Kg7 30. Kf1 Kg6 31. Rh3 c5 32. Rg3+ Kf5 33. Ne1 Bg5 34. Rf3+ Kg6 35. Bxg5 Nxg5 36. Rg3 Kf5 37. Nf3 Ne6 38. Nh4+ Ke5 39. Nf3+ Kf5 40. Ne1 Ke5 41. Nf3+ Kf6 42. Nh4 Rh8 43. Rg4 a6 44. Nf3 Rh1+ 45. Rg1 Rxg1+ 46. Kxg1 Nf4 47. Ne1 Ne2+ 48. Kg2 Nc1 49. a4 Nxb3 50. Kf3 Kf5 51. Ke2 Nc1+ 52. Kd2 Na2 53. Kc2 a5 54. Nf3 Nc3 55. Nd2 Kf4 56. Kb3 f5 0-1

[Event "Oberliga Ost A"]
[Site "?"]
[Date "2023.02.05"]
[Round "7.5"]
[White "Armbrust, Florian"]
[Black "Ozeran, Volodymyr"]
[Result "1-0"]
[WhiteElo "2266"]
[BlackElo "2078"]
[PlyCount "41"]
[EventDate "2022.09.18"]
[EventType "team-tourn"]
[EventCountry "GER"]
[WhiteTeam "Dessau SK"]
[BlackTeam "Magdeburg SG Aufbau Elbe"]
[WhiteTeamCountry "GER"]
[BlackTeamCountry "GER"]

1. e4 c6 2. d4 d5 3. exd5 cxd5 4. c4 Nf6 5. Nc3 e6 6. Nf3 Nc6 7. cxd5 Nxd5 8. Bd3 Bb4 9. Bd2 h6 10. O-O Nxc3 11. bxc3 Be7 12. Qe2 Bf6 13. Rad1 h5 14. Rfe1 g6 15. Ne5 Nxe5 16. dxe5 Bg7 17. Bh6 Bxh6 18. Bb5+ Bd7 19. Rxd7 Qg5 20. h4 Qf5 21. Rd4+ 1-0

[Event "Oberliga Ost A"]
[Site "?"]
[Date "2023.02.05"]
[Round "7.6"]
[White "Erler, Rainer"]
[Black "Schoene, Maria"]
[Result "0-1"]
[WhiteElo "2110"]
[BlackElo "2185"]
[PlyCount "52"]
[EventDate "2022.09.18"]
[EventType "team-tourn"]
[EventCountry "GER"]
[WhiteTeam "Magdeburg SG Aufbau Elbe"]
[BlackTeam "Dessau SK"]
[WhiteTeamCountry "GER"]
[BlackTeamCountry "GER"]

1. e4 d6 2. d4 Nf6 3. Nc3 g6 4. f4 Bg7 5. Nf3 c5 6. e5 Nfd7 7. e6 fxe6 8. Ng5 Nf6 9. dxc5 O-O 10. Bc4 d5 11. Bd3 Qa5 12. Bd2 Qxc5 13. Qe2 Nc6 14. Nxe6 Bxe6 15. Qxe6+ Kh8 16. a3 Nd4 17. Qh3 Ne4 18. Qe3 Nxd2 19. Qxd2 Bh6 20. Rf1 e5 21. b4 Qd6 22. g3 a5 23. Rb1 axb4 24. Rxb4 exf4 25. Ne2 Rae8 26. Kd1 Nxe2 0-1

[Event "Oberliga Ost A"]
[Site "?"]
[Date "2023.02.05"]
[Round "7.8"]
[White "Schaefer, Sven"]
[Black "Windelband, Jens"]
[Result "1/2-1/2"]
[WhiteElo "1985"]
[BlackElo "2041"]
[PlyCount "83"]
[EventDate "2022.09.18"]
[EventType "team-tourn"]
[EventCountry "GER"]
[WhiteTeam "Magdeburg SG Aufbau Elbe"]
[BlackTeam "Dessau SK"]
[WhiteTeamCountry "GER"]
[BlackTeamCountry "GER"]

1. e4 e6 2. d4 d5 3. Nd2 c5 4. exd5 exd5 5. Ngf3 Nf6 6. Bb5+ Bd7 7. Bxd7+ Nbxd7 8. O-O Be7 9. dxc5 Nxc5 10. Nb3 Nce4 11. Nfd4 Qd7 12. f3 Nd6 13. Nc5 Qc8 14. Nd3 O-O 15. b3 Nf5 16. Nxf5 Qxf5 17. Bb2 Bd6 18. Qd2 Rac8 19. Bd4 Nd7 20. Rac1 b6 21. a4 Nc5 22. g3 Ne6 23. Bb2 Ng5 24. Qg2 Rfe8 25. h4 Ne6 26. Rce1 h5 27. Be5 Bc5+ 28. Kh2 Bd4 29. Bxd4 Nxd4 30. Rxe8+ Rxe8 31. Rf2 Nxb3 32. g4 hxg4 33. fxg4 Qe4 34. Qxe4 dxe4 35. cxb3 exd3 36. Kg3 Re3+ 37. Kf4 Re2 38. Rf3 d2 39. Rd3 Kf8 40. Kf3 Rh2 41. Kg3 Re2 42. Kf3 1/2-1/2

[Event "Oberliga Ost A"]
[Site "?"]
[Date "2023.02.05"]
[Round "7.1"]
[White "Dahl, Christoph"]
[Black "Heyder, Florian"]
[Result "1-0"]
[WhiteElo "2368"]
[BlackElo "2189"]
[PlyCount "75"]
[EventDate "2022.09.18"]
[EventType "team-tourn"]
[EventCountry "GER"]
[WhiteTeam "Dessau SK"]
[BlackTeam "Magdeburg SG Aufbau Elbe"]
[WhiteTeamCountry "GER"]
[BlackTeamCountry "GER"]

1. e4 e5 2. Nf3 Nc6 3. Bb5 a6 4. Bxc6 dxc6 5. O-O Be7 6. d4 exd4 7. Nxd4 Nf6 8. Nc3 O-O 9. Bf4 Re8 10. Re1 Bb4 11. Nb3 Bxc3 12. Qxd8 Rxd8 13. bxc3 Ne8 14. Na5 Nd6 15. Rad1 Be6 16. Bxd6 Rxd6 17. Nxb7 Rxd1 18. Rxd1 Bxa2 19. Na5 Rb8 20. Nxc6 Rb1 21. Rxb1 Bxb1 22. f3 Ba2 23. Kf2 Bc4 24. Ke3 Bb5 25. Na5 Kf8 26. c4 Ba4 27. Nb3 Bd7 28. Kd4 Ke7 29. Nc5 Bc8 30. Kd5 a5 31. Kc6 a4 32. Kxc7 Be6 33. Nxa4 Bxc4 34. Nb6 Bf1 35. Nd5+ Ke6 36. Ne3 Be2 37. Nf5 Kf6 38. Kd6 1-0

[Event "Oberliga Ost A"]
[Site "?"]
[Date "2023.02.05"]
[Round "7.2"]
[White "Engelmann, Jakob"]
[Black "Siedentopf, Daniel"]
[Result "1/2-1/2"]
[WhiteElo "2238"]
[BlackElo "2255"]
[PlyCount "119"]
[EventDate "2022.09.18"]
[EventType "team-tourn"]
[EventCountry "GER"]
[WhiteTeam "Dresden SG Gruen Weiss"]
[BlackTeam "Sangerhausen SV"]
[WhiteTeamCountry "GER"]
[BlackTeamCountry "GER"]

1. c4 f5 2. g3 Nf6 3. Bg2 g6 4. Nc3 Bg7 5. e3 O-O 6. Nge2 e5 7. O-O d6 8. d3 a5 9. a3 c6 10. Bd2 Be6 11. Qc2 Na6 12. Rfc1 Qd7 13. Na4 Qc7 14. b4 axb4 15. axb4 Rac8 16. Qb2 e4 17. d4 Nd7 18. Rab1 Qb8 19. b5 Nac5 20. Nxc5 dxc5 21. Qa3 Nb6 22. Qxc5 Nxc4 23. Bb4 b6 24. Qe7 Rfe8 25. Qg5 cxb5 26. g4 Qa7 27. gxf5 gxf5 28. d5 Bxd5 29. Ng3 h6 30. Qxf5 Qf7 31. Qh3 Rc6 32. Rd1 Rg6 33. Qh4 Ne5 34. Rxd5 Qxd5 35. Bxe4 Qc4 36. Kh1 Rg4 37. Qh5 Rd8 38. Qf5 Rxe4 39. Nxe4 Nd3 40. Nf6+ Bxf6 41. Qxf6 Qd5+ 42. f3 Qg5 43. Qxg5+ hxg5 44. Be7 Rd5 45. e4 Re5 46. Bf6 Rc5 47. Bd4 Rc4 48. Bxb6 b4 49. Kg2 Kf7 50. Kg3 Rc1 51. Rxc1 Nxc1 52. Kf2 b3 53. Bd4 Nd3+ 54. Kg3 b2 55. Bxb2 Nxb2 56. f4 gxf4+ 57. Kxf4 Nc4 58. h4 Nd6 59. e5 Nc4 60. h5 1/2-1/2

[Event "Oberliga Ost A"]
[Site "?"]
[Date "2023.02.05"]
[Round "7.3"]
[White "Gehmlich, Marcel"]
[Black "Hellwig, Tobias"]
[Result "1/2-1/2"]
[WhiteElo "2183"]
[BlackElo "2206"]
[PlyCount "115"]
[EventDate "2022.09.18"]
[EventType "team-tourn"]
[EventCountry "GER"]
[WhiteTeam "Sangerhausen SV"]
[BlackTeam "Dresden SG Gruen Weiss"]
[WhiteTeamCountry "GER"]
[BlackTeamCountry "GER"]

1. c4 Nf6 2. Nc3 g6 3. g3 Bg7 4. Bg2 O-O 5. d4 d6 6. e3 e5 7. Nge2 Nc6 8. O-O Nh5 9. b3 f5 10. dxe5 Nxe5 11. Bb2 g5 12. f4 Ng4 13. Qd2 h6 14. h3 Ngf6 15. Kh2 Qe8 16. Nd5 Rf7 17. Nec3 c6 18. Nxf6+ Bxf6 19. Rae1 Qe7 20. Nd1 g4 21. Bxf6 Nxf6 22. Nf2 gxh3 23. Bxh3 d5 24. Qd3 Qe6 25. cxd5 cxd5 26. g4 fxg4 27. Nxg4 Nxg4+ 28. Bxg4 Qe4 29. Qxe4 dxe4 30. f5 Bd7 31. Rc1 Raf8 32. Rc7 Bc6 33. Rxf7 Kxf7 34. Kg3 Rd8 35. Rf2 Rh8 36. Rh2 Kg7 37. Kf4 Kf6 38. Bh5 Rg8 39. Be2 Rh8 40. Bd1 Bd7 41. Bg4 Bc6 42. Bh5 Rg8 43. Bd1 Rh8 44. Bc2 h5 45. Bxe4 Bxe4 46. Kxe4 h4 47. Kf4 h3 48. Kg4 Rg8+ 49. Kxh3 Kxf5 50. Rf2+ Ke4 51. Rf7 Kxe3 52. Rxb7 a5 53. Rb5 Ra8 54. a4 Kd3 55. Kg4 Kc3 56. Kf4 Re8 57. Rxa5 Kxb3 58. Ra7 1/2-1/2

[Event "Oberliga Ost A"]
[Site "?"]
[Date "2023.02.05"]
[Round "7.4"]
[White "Hillmann, Michael"]
[Black "Kaiser, Dieter"]
[Result "0-1"]
[WhiteElo "2094"]
[BlackElo "2203"]
[PlyCount "118"]
[EventDate "2022.09.18"]
[EventType "team-tourn"]
[EventCountry "GER"]
[WhiteTeam "Dresden SG Gruen Weiss"]
[BlackTeam "Sangerhausen SV"]
[WhiteTeamCountry "GER"]
[BlackTeamCountry "GER"]

1. d4 Nf6 2. Nf3 e6 3. e3 c5 4. Be2 Nc6 5. O-O d5 6. b3 Bd6 7. Bb2 O-O 8. c4 cxd4 9. exd4 b6 10. Nbd2 Bb7 11. Ne5 Rc8 12. Rc1 Rc7 13. Bd3 Qa8 14. Ng4 Nxg4 15. Qxg4 g6 16. cxd5 exd5 17. f4 Qc8 18. Qg5 Be7 19. Qg3 Nb4 20. Bb1 Ba6 21. f5 Rxc1 22. Rxc1 Qb8 23. Qxb8 Rxb8 24. Re1 Bf6 25. fxg6 hxg6 26. Bc3 Nd3 27. Re3 Rc8 28. Rf3 Kg7 29. Bxd3 Bxd3 30. Rxd3 Rxc3 31. Rxc3 Bxd4+ 32. Kf1 Bxc3 33. Nf3 f5 34. Ke2 Bf6 35. g3 Kf7 36. Kd3 Ke6 37. h3 Kd6 38. g4 fxg4 39. hxg4 g5 40. Kc2 a5 41. Kd3 Kc5 42. Nd2 Kb4 43. Kc2 b5 44. Nf3 Ka3 45. Kb1 a4 46. bxa4 Kxa4 47. Kc2 Ka3 48. Kb1 Kb4 49. Kc2 Kc4 50. Kd2 d4 51. Ne1 Be7 52. Nf3 Bd6 53. Kc2 d3+ 54. Kd1 Bf4 55. Ne1 Kd4 56. Ng2 Ke4 57. Nxf4 Kxf4 58. Kd2 Kxg4 59. Kxd3 Kf3 0-1